Návrh opatrení na zefektívnenie periodickej prípravy personálu z oblasti EMS a ZPH v podniku SE, a.s., závod Elektrárne Vojany = Proposal of measures to increase efficiency of staff periodic training in the field of EMS and serious industrial accidents (SIA) in the SE, a.s., power station Vojany : Bakalárska práca

Salvato in:
Dettagli Bibliografici
Autore principale: Šamudovský, Jaroslav, 1986- (Autore)
Altri autori: Bednárik, Jaroslav, 1961- (xxx)
Natura: Manoscritto Libro
Lingua:slovacco
Pubblicazione: Trnava : STU v Bratislave MTF UPMK, 2008
Soggetti:
Tags: Aggiungi Tag
Nessun Tag, puoi essere il primo ad aggiungerne!!

MARC

LEADER 00000ntm a22000003a 4500
001 stu174742
005 20160719155856.0
008 081028s2008----xo------------------slo-d
040 |a STU  |b slo 
041 0 |a slo 
044 |a xo 
100 1 |a Šamudovský, Jaroslav,  |d 1986-  |4 aut  |X 25252  |7 A000025252 
245 1 |a Návrh opatrení na zefektívnenie periodickej prípravy personálu z oblasti EMS a ZPH v podniku SE, a.s., závod Elektrárne Vojany = Proposal of measures to increase efficiency of staff periodic training in the field of EMS and serious industrial accidents (SIA) in the SE, a.s., power station Vojany :  |b Bakalárska práca 
260 |a Trnava :  |b STU v Bratislave MTF UPMK,  |c 2008 
300 |a 59 s  |c príl., 1 CD-ROM 
500 |a Študijný program: priemyselné manažérstvo 
500 |a Študijný odbor: 5.2.52 priemyselné inžinierstvo 
650 7 |a personálny manažment  |2 stusub 
650 7 |a environmentálne manažérske systémy  |2 stusub 
700 1 |a Bednárik, Jaroslav,  |d 1961-  |4 xxx  |u M190  |U MTF Materiálovotechnologická fakulta  |T MTF Katedra priemyselného inžinierstva a manažmentu  |X 41751  |U M190  |Y 167  |7 A000041751 
996 |b 284M069001  |c M*BP-3723  |l MMSKP  |s P  |a 0  |w stu174742_0001